[Event "N1 Reykjavik Open 2014"]
[Site "Reykjavik, Iceland"]
[Date "2014.03.07"]
[Round "5.109"]
[White "Sjol, Henrik"]
[Black "Magnusdottir, Veronika Steinun"]
[Result "1/2-1/2"]
[WhiteElo "1853"]
[BlackElo "1595"]
[EventDate "2014.03.04"]
[PlyCount "123"]

1.d4 d5 2.Nf3 Nf6 3.Bf4 c6 4.c4 e6 5.Nc3 dxc4 6.a4 Bb4 7.Bd2 Bxc3 8.bxc3 
b5 9.Bg5 h6 10.Bh4 Nbd7 11.Qc2 Qa5 12.Rc1 Bb7 13.e3 a6 14.Be2 Nd5 15.O-O 
N7b6 16.e4 Nf4 17.Bd1 Nd7 18.Bg3 Nd3 19.Ra1 c5 20.Be2 Bxe4 21.axb5 Qxb5 
22.Nd2 Bg6 23.Qa2 Nb6 24.Rfb1 Qc6 25.Nxc4 Nd5 26.Nd6+ Kf8 27.Bf3 Rd8 28.
Nb7 Ra8 29.c4 N3b4 30.Rxb4 cxb4 31.cxd5 Qxb7 32.dxe6 Be4 33.Bd6+ Kg8 34.
exf7+ Kh7 35.Qe6 Bxf3 36.Qf5+ g6 37.Qxf3 Qxf3 38.gxf3 a5 39.f8=Q Rhxf8 40.
Bxf8 Rxf8 41.Rxa5 Rb8 42.Ra2 b3 43.Rb2 Kg7 44.Kf1 Kf6 45.Ke2 Ke6 46.Kd3 
Kd5 47.f4 Rb7 48.Kc3 h5 49.Kd3 Rb8 50.Kc3 Ke4 51.d5 Kxd5 52.Rd2+ Ke4 53.
Kb2 Kxf4 54.Rd4+ Kf3 55.Rd6 g5 56.Rf6+ Ke4 57.Rf7 Rb5 58.Rf8 Kd3 59.f4 
gxf4 60.Rxf4 Ke3 61.Rf8 Kd4 62.Rd8+ 1/2-1/2

[Event "N1 Reykjavik Open 2014"]
[Site "Reykjavik, Iceland"]
[Date "2014.03.07"]
[Round "5.111"]
[White "Johansen, Arnt-Ole"]
[Black "Jonasson, Hordur"]
[Result "1-0"]
[WhiteElo "1829"]
[BlackElo "1526"]
[EventDate "2014.03.04"]
[PlyCount "0"]

1.d4 d5 2.c4 e6 3.Nc3 Nf6 4.cxd5 Nxd5 5.e4 Nxc3 6.bxc3 b6 7.Nf3 Bb7 8.Bb5+
c6 9.Bd3 Nd7 10.O-O Be7 11.Qe2 c5 12.a4 O-O 13.Bf4 Re8 14.Rfb1 Bc6 15.h3 
f6 16.Qa2 Bf8 17.d5 exd5 18.exd5 Bb7 19.c4 Ne5 20.Bxe5 fxe5 21.Qc2 h6 22.
a5 Qe7 23.Nd2 Qc7 24.Ne4 Bd6 25.Qb3 Red8 26.axb6 axb6 27.Rxa8 Bxa8 28.Qxb6
Qd7 29.Qxd6 Qxd6 30.Nxd6 Rxd6 31.Rb8+ 1-0

[Event "N1 Reykjavik Open 2014"]
[Site "Reykjavik, Iceland"]
[Date "2014.03.07"]
[Round "5.113"]
[White "Ragnarsson, Heimir Pall"]
[Black "de Winter, Eric"]
[Result "0-1"]
[WhiteElo "1424"]
[BlackElo "1804"]
[EventDate "2014.03.04"]
[PlyCount "74"]

1.c4 e5 2.g3 Nf6 3.Bg2 c6 4.Nf3 e4 5.Nd4 Be7 6.Nc3 d5 7.cxd5 cxd5 8.O-O 
O-O 9.d3 exd3 10.Qxd3 g6 11.Bf4 a6 12.Nb3 Bf5 13.Qd2 Bb4 14.a3 Bxc3 15.
Qxc3 Qb6 16.Qd4 Nbd7 17.Qxb6 Nxb6 18.Nc5 Rfe8 19.Rfe1 Nc4 20.b3 Ne5 21.b4 
b6 22.Nd3 Nc4 23.Bg5 Ne4 24.Bf4 Rac8 25.a4 Nc3 26.Bf3 Kg7 27.g4 Be4 28.
Bxe4 dxe4 29.Nc1 f6 30.Nb3 Nd5 31.Bd2 Nxd2 32.Nxd2 Nxb4 33.Rab1 a5 34.Rbc1
f5 35.Nc4 Re6 36.Ne3 Rxc1 37.Rxc1 f4 0-1

[Event "N1 Reykjavik Open 2014"]
[Site "Reykjavik, Iceland"]
[Date "2014.03.07"]
[Round "5.115"]
[White "Steingrimsson, Karl Egill"]
[Black "Birkisson, Bardur Orn"]
[Result "1/2-1/2"]
[WhiteElo "1663"]
[BlackElo "1475"]
[EventDate "2014.03.04"]
[PlyCount "0"]

1.Nf3 d5 2.d4 Nf6 3.Nc3 Bf5 4.e3 e6 5.Bd3 Bxd3 6.Qxd3 c6 7.O-O Bd6 8.e4 
dxe4 9.Nxe4 Nxe4 10.Qxe4 h6 11.c4 O-O 12.Be3 Nd7 13.h3 Nf6 14.Qc2 Qc7 15.
Qc1 Rad8 16.c5 Be7 17.b4 Nd5 18.Rb1 Bf6 19.Rd1 Rfe8 20.Qb2 e5 21.dxe5 Bxe5
22.Nxe5 Qxe5 23.Qxe5 Rxe5 24.Bd4 Re2 25.Rb2 Rde8 1/2-1/2

[Event "N1 Reykjavik Open 2014"]
[Site "Reykjavik, Iceland"]
[Date "2014.03.07"]
[Round "5.116"]
[White "Bragason, Gudmundur Agnar"]
[Black "Jonsson, Pall G"]
[Result "0-1"]
[WhiteElo "1349"]
[BlackElo "1802"]
[EventDate "2014.03.04"]
[PlyCount "102"]

1.d4 g6 2.c4 Nf6 3.Nc3 c6 4.e4 d6 5.Nf3 Bg7 6.Be3 O-O 7.Bd3 Ng4 8.O-O c5 
9.d5 Nxe3 10.fxe3 Qa5 11.Qd2 a6 12.Rf2 Bd7 13.Raf1 b5 14.a3 bxc4 15.Bxc4 
Bb5 16.Nxb5 Qxd2 17.Nxd2 axb5 18.Bxb5 Bxb2 19.a4 Na6 20.Nc4 Bg7 21.Nb6 Ra7
22.Nd7 Rd8 23.Rxf7 Bf6 24.Nxf6+ Kxf7 25.Nxh7+ Kg8 26.Ng5 Rf8 27.Rxf8+ Kxf8
28.e5 Nc7 29.exd6 exd6 30.Bc6 Ra6 31.Kf2 Rb6 32.Kf3 Rb4 33.h3 Ke7 34.e4 
Rb3+ 35.Kg4 c4 36.Nf3 c3 37.Ne1 Rb1 38.Nc2 Rb2 39.Ne3 Rxg2+ 40.Kf3 c2 41.
Nxc2 Rxc2 42.Kf4 Kf6 43.h4 Rc3 44.Kg4 Na6 45.Kf4 Nc5 46.a5 Ra3 47.Be8 Rxa5
48.h5 g5+ 49.Kf3 Ra3+ 50.Kg2 Nxe4 51.h6 Ra8 0-1

[Event "N1 Reykjavik Open 2014"]
[Site "Reykjavik, Iceland"]
[Date "2014.03.07"]
[Round "5.123"]
[White "Steinthorsson, Felix"]
[Black "Magnusson, Thorsteinn"]
[Result "1-0"]
[WhiteElo "1530"]
[BlackElo "1234"]
[EventDate "2014.03.04"]
[PlyCount "67"]

1.d4 d5 2.c4 c6 3.Nf3 Nf6 4.Nc3 e6 5.Bg5 Nbd7 6.e3 Qa5 7.Nd2 Bb4 8.Qc2 O-O
9.Be2 Bxc3 10.bxc3 b6 11.O-O Ba6 12.a4 Bxc4 13.Bxc4 dxc4 14.Bxf6 Nxf6 15.
Nxc4 Qh5 16.Nd2 Rfd8 17.c4 c5 18.Nb3 cxd4 19.exd4 Rac8 20.Rac1 Qh4 21.Qa2 
Ne4 22.f3 Nd6 23.c5 bxc5 24.dxc5 Ne8 25.Rfe1 Qb4 26.Re4 Qb7 27.Rec4 Rd3 
28.Nd2 Qd5 29.R4c2 Qxa2 30.Rxa2 Nd6 31.Kf2 Nf5 32.Ne4 Rd7 33.Rb2 g6 34.
Nf6+ 1-0

[Event "N1 Reykjavik Open 2014"]
[Site "Reykjavik, Iceland"]
[Date "2014.03.07"]
[Round "5.124"]
[White "Sigurdarson, Alec Elias"]
[Black "Finnsson, Johann Arnar"]
[Result "0-1"]
[WhiteElo "1309"]
[BlackElo "1471"]
[EventDate "2014.03.04"]
[PlyCount "128"]

1.e4 g6 2.d4 Bg7 3.c4 d6 4.Nc3 Nf6 5.Nf3 O-O 6.Be2 c5 7.Be3 b6 8.O-O Bb7 
9.d5 Nfd7 10.Qd2 Re8 11.Rfe1 Ne5 12.a3 Nbd7 13.Nxe5 Nxe5 14.f4 Nd7 15.b4 
Qc7 16.Rab1 cxb4 17.axb4 Ba6 18.b5 Bb7 19.Bg4 Nc5 20.Bd4 Bh6 21.e5 e6 22.
Bxc5 Qxc5+ 23.Kh1 dxe5 24.Rxe5 exd5 25.Rbe1 Rxe5 26.Rxe5 Qxc4 27.Be2 Bxf4 
28.Bxc4 Bxd2 29.Nxd5 Bxd5 30.Bxd5 Rd8 31.Bc6 Kf8 32.Re2 Bb4 33.h3 Rd1+ 34.
Kh2 Bd6+ 35.g3 Rd3 36.Rg2 h5 37.h4 f6 38.Be4 Rb3 39.Bxg6 Rxb5 40.Rf2 Kg7 
41.Be8 Rb3 42.Rg2 a5 43.Ba4 Rb4 44.Bd1 Rxh4+ 45.Kg1 Rd4 46.Bxh5 a4 47.Be2 
a3 48.Bb5 Rb4 49.Bd3 Rb3 50.Bc4 Rxg3 51.Rxg3+ Bxg3 52.Kg2 Bd6 53.Kf3 f5 
54.Ke3 b5 55.Bb3 Be5 56.Kf3 Kf6 57.Ke3 Ke7 58.Kd3 f4 59.Ke4 Kd6 60.Ba2 Kc5
61.Kd3 Kb4 62.Kc2 f3 63.Kd3 f2 64.Ke2 Bd4 0-1

[Event "N1 Reykjavik Open 2014"]
[Site "Reykjavik, Iceland"]
[Date "2014.03.07"]
[Round "5.125"]
[White "Petersen, Jakob Alexander"]
[Black "Kristbergsson, Bjorgvin"]
[Result "1-0"]
[WhiteElo "1425"]
[BlackElo "1175"]
[EventDate "2014.03.04"]
[PlyCount "0"]

1.d4 b6 2.c4 g6 3.Nc3 a6 4.e4 Bg7 5.Nf3 h6 6.Be3 Bb7 7.Bd3 Nf6 8.Qd2 Ng4 
9.Bf4 g5 10.Bxg5 hxg5 11.Qxg5 e6 12.Qxg7 Rf8 13.Qxg4 Nc6 14.d5 Na7 15.
O-O-O Qe7 16.Qg5 Qxg5+ 17.Nxg5 O-O-O 18.h4 f6 19.Nf3 Rg8 20.Rdg1 exd5 21.
exd5 b5 22.g4 b4 23.Ne4 Rgf8 24.Nc5 Ba8 25.Nxa6 c6 26.Nxb4 c5 27.Nc2 Kc7 
28.h5 Rh8 29.g5 fxg5 30.Nxg5 Rdf8 31.f3 Nc8 32.h6 Rf4 33.h7 Ne7 34.Be4 Kd6
35.Rh6+ 1-0

[Event "N1 Reykjavik Open 2014"]
[Site "Reykjavik, Iceland"]
[Date "2014.03.07"]
[Round "5.28"]
[White "Ponomarenko, Alexandr"]
[Black "Norowitz, Yaacov"]
[Result "1/2-1/2"]
[WhiteElo "2274"]
[BlackElo "2430"]
[EventDate "2014.03.04"]
[PlyCount "0"]

1.e4 c6 2.d4 d5 3.Nd2 dxe4 4.Nxe4 Nf6 5.Nxf6+ gxf6 6.Be3 Bf5 7.Qd2 e6 8.
Ne2 Nd7 9.h4 Bd6 10.h5 Nb6 11.Nc3 Qc7 12.O-O-O O-O-O 13.Bd3 Bxd3 14.Qxd3 
f5 15.Kb1 Rhg8 16.g3 Kb8 17.Qe2 Nd5 18.Nxd5 cxd5 19.Rh4 Rc8 20.Bf4 Bxf4 
21.Rxf4 a6 22.a3 Ka7 23.Rd3 Qc4 24.Qd2 Rc6 25.Rc3 Qf1+ 26.Ka2 Rgc8 27.Rxc6
Rxc6 28.h6 Qc4+ 29.Kb1 Qf1+ 30.Ka2 Rb6 31.Rf3 Qc4+ 32.b3 Qc7 33.Rc3 Rc6 
34.Rxc6 Qxc6 35.Kb2 f6 36.Qf4 Qb6 37.f3 Qc6 38.g4 fxg4 39.fxg4 e5 40.dxe5 
fxe5 41.Qxe5 Qxh6 42.g5 Qc6 43.Qe7 Qg6 44.Qc5+ Qb6 45.Qxd5 h6 46.gxh6 Qxh6
47.Qe5 Qg6 48.a4 Ka8 49.Qh8+ Ka7 50.Qd4+ Ka8 51.b4 Qe8 52.Kb3 Qg8+ 53.Qc4 
Qg3+ 54.Ka2 Kb8 55.b5 axb5 56.Qxb5 Qc3 57.Qb3 Qc5 58.c3 Qf2+ 59.Ka3 Qg1 
60.Qc4 Qb1 61.Qf4+ Ka7 62.Qd4+ Ka8 63.Qc4 Ka7 64.Qb3 Qg1 65.a5 Ka6 66.Kb4 
Qg4+ 67.c4 Qf4 68.Qa4 Qd2+ 69.Kc5 Qxa5+ 70.Qxa5+ Kxa5 1/2-1/2